000 01214nam a2200325 i 4500
003 EG-GICUC
005 20260121101453.0
008 251211s2008 ua ||||fr|||| 00| 0 ara d
017 _a2008/5349
020 _a978977031619
040 _a EG-GICUC
_bara
_c EG-GICUC
_d EG-GICUC
_erda
041 0 _aara
082 0 4 _221
_a343.46
_bن س . ج
092 0 4 _221
099 _aLaw1 10 343.46 ن س . ج 2008
100 0 _aنسرين عبد الحميد نبيه
_eمؤلف.
245 1 2 _aالجريمة المعلوماتية والمجرم المعلوماتي /
_cالدكتورة نسرين عبد الحميد نبيه.
264 1 _aالإسكندرية :
_bمنشأة المعارف،
_c2008.
300 _a294 صفحة ؛
_c24 سم.
336 _2rda content
_atext
337 _2rda media
_aComputer
338 _2rda carrier
_aOnline Resource
504 _a. 287 ببليوجرافيا: صفحات
546 _aالنص باللغة العربية
650 1 4 _aالتشريعات المتعلقة بتقنية المعلومات
650 1 4 _aالقانون الجنائي
856 4 0 _uhttps://fll.law.cu.edu.eg/fulltext/bks/B10-06642.pdf
905 _a77
_eHassnaa
942 _2ddc
_cBK
_e21
_n0
999 _c49886
_d49886